000 01054cab a22002055a 4500
001 L137802
008 070501s2005 xxk f g 000 0 eng d
035 _a(Sirsi) u137802
041 0 _aeng
100 1 _aFox, Alasdair
245 0 0 _aRise and rise of the land court
260 _c2005
490 0 _aJournal of the Law Society of Scotland
_v50(6) June 2005, 48(1)
520 _aAgriculture article discusses the implications of moving primary jurisdiction over land disputes to the Scottish Land Court. Points out that there is now only one host of arbitration, and that it wields greater legal powers than arbiters did previously. Lists some areas which await case law precedent. Specifies the first such case to have occurred: the clarification of confusion surrounding the review of agricultural rents caused by a defective amendment.
650 2 4 _aAGRICULTURAL HOLDINGS (SCOTLAND) ACT 2003
650 2 4 _aMORRISON-LOW V PATERSON
651 4 _aScotland
_y1999-
690 _aPROPERTY-RURAL AND NATURAL ASSETS-AGRICULTURAL PROPERTY
942 _n0
999 _c78715
_d78715